Statistics for Click The Language - Hello

Click here to take the quiz!

General Stats

  • This quiz has been taken 121 times
    (117 since last reset)
  • The average score is 13 of 18

Answer Stats

HintAnswer% Correct
HelloEnglish
97%
BonjourFrench
95%
HolaSpanish
93%
CiaoItalian
89%
مرحبًاArabic
88%
HalloGerman
82%
ЗдравствуйтеRussian
78%
Γεια σαςGreek
77%
שלוםHebrew
73%
안녕하세요Korean
70%
OláPortuguese
70%
नमस्तेHindi
68%
こんにちはJapanese
68%
你好Chinese
63%
SalveLatin
59%
MerhabaTurkish
59%
Привіт.Ukrainian
58%
WitamPolish
55%

Score Distribution

Percentile by Number Answered

Percent of People with Each Score

Your Score History

You have not taken this quiz since the last reset